Gua̕ para la declaracin̤ anual 2013 y los pagos provisionales y mensuales 2014. Personas morales

Bibliographic Details
Main Author: Bornacini Hervella, Honor ̌A
Other Authors: Romero Said, Vicente
Format: eBook
Language:Spanish
Published: Mx̌ico DF: Mx̌ico Fiscal, 2014
Subjects:
Online Access:Acceso restringido

MARC

LEADER 00000nam a22000007a 4500
005 20140430234446.0
007 cr|||| ||||
008 140430s2014 mx |||||s|||| 00||0 spa d
035 |a 12075 
040 |a vLex 
090 |c 4874  |d 4874 
100 1 |a Bornacini Hervella, Honor ̌A. 
245 1 0 |a Gua̕ para la declaracin̤ anual 2013 y los pagos provisionales y mensuales 2014. Personas morales  |h [Recurso electrn̤ico] /  |c Honor ̌A. Bornacini Hervella, Vicente Romero Said 
256 |a Servicio en ln̕ea 
260 |a Mx̌ico DF:  |b Mx̌ico Fiscal,  |c 2014 
300 |a 1 recurso electrn̤ico 
506 1 |a Disponible solo en los productos indicados  |d vLex Global  |d vLex Global (Academic Edition, excluding Law Schools)  |d vLex Global (U.S. Academic Edition, Law Schools)  |d vLex Global (U.S. Academic Edition, excluding Law Schools)  |d vLex Global (Academic Edition, Law Schools) 
650 0 4 |a Derecho Fiscal  |z Mx̌ico 
700 1 |a Romero Said, Vicente 
740 0 |a vLex Libros (Servicio en ln̕ea) 
856 4 0 |u http://vlex.com/source/guia-para-la-declaracion-anual-2013-y-los-pagos-provisionales-y-mensuales-2014-personas-morales-no-incluye-regimen-simplificado--12075  |z Acceso restringido 
942 |c BOOK 
999 0 |a Tax Law